Country risk

Požičiavanie finančných prostriedkov bankami ostatným subjektom zahŕňa množstvo rizík. Okrem iných aj riziko krajiny (country risk). Riziko krajiny a jeho ohodnotenie bankou. Systém merania rizika krajiny. Systém pre meranie veľkosti angažovanosti (rozdelenie rizika, konsolidácia, analýza pohľadávok...

Descrizione completa

Salvato in:
Dettagli Bibliografici
Autore principale: Bauerová, Jaroslava
Natura: Capitolo di libro
Lingua:ceco
Soggetti:
Tags: Aggiungi Tag
Nessun Tag, puoi essere il primo ad aggiungerne!!

MARC

LEADER 00000naa a2200000 4500
001 r035175
005 20230929094241.3
041 0 |a cze 
044 |a CZ 
245 1 0 |a Country risk  |c Jaroslava Bauerová 
520 |a Požičiavanie finančných prostriedkov bankami ostatným subjektom zahŕňa množstvo rizík. Okrem iných aj riziko krajiny (country risk). Riziko krajiny a jeho ohodnotenie bankou. Systém merania rizika krajiny. Systém pre meranie veľkosti angažovanosti (rozdelenie rizika, konsolidácia, analýza pohľadávok). Stanovenie limitov pre riadenie angažovanosti. 
610 2 0 |a riziko bankové 
610 2 0 |a riziko 
610 2 0 |a štát 
610 2 0 |a banky 
610 2 0 |a pohľadávky 
610 2 0 |a operácie bankové 
100 1 |a Bauerová, Jaroslava